00678nam a2200181 a 450000500170000000800410001702000180005805000250007624501180010126000470021930000210026650000500028752100080033765000350034565000480038065000430042870000250047120140310183405.0121012s19uu xx 00 eng d a9780807748381 aLC 225.3b.Ot85 2008 aOther kinds of families :bembracing diversity in schools /cedited by Tammy Turner-Vorbeck, Monica Miller Marsh. aNew York :bTeachers College Press,c2008. a204 p. :c23 cm. aIncludes bibliographical references and index aEDU aHome and schoolxUnited States aParent-teacher relationshipsxUnited States aMulticultural educationxUnited States aMarsh, Monica Miller